Jane Austen's Bachelors Quiz Stats

 Plays Quiz Updated Dec 3, 2014

Challenge
Share
Tweet
Embed
Score 0/23 Timer 08:00
0 Plays Today
Novel Character % Correct
Pride and PrejudiceMr. Fitzwilliam Darcy
97.8%
Pride and PrejudiceMr. Charles Bingley
83%
Pride and PrejudiceMr. George Wickham
78%
Pride and PrejudiceMr. William Collins
74.9%
EmmaMr. George Knightley
71.5%
Sense and SensibilityMr. Edward Ferrars
68.4%
Sense and SensibilityMr. John Willoughby
66.6%
Sense and SensibilityColonel Christopher Brandon
59.2%
Sense and SensibilityMr. Robert Ferrars
56.6%
PersuasionMr. William Elliot
53.1%
PersuasionCaptain Frederick Wentworth
53%
Mansfield ParkMr. Edmund Bertram
52.4%
Novel Character % Correct
Northanger AbbeyMr. Henry Tilney
52.3%
EmmaMr. Frank Churchill
50.3%
EmmaMr. Philip Elton
49.2%
Mansfield ParkMr. Henry Crawford
48.3%
Mansfield ParkMr. Thomas Bertram
47.2%
Northanger AbbeyMr. John Thorpe
46.1%
Northanger AbbeyMr. Frederick Tilney
44.6%
PersuasionSir Walter Elliot
42.6%
Northanger AbbeyMr. James Morland
38.2%
PersuasionCaptain James Benwick
37.9%
PersuasionMr. Charles Hayter
34.8%

You're not logged in!

Compare scores with friends on all Sporcle quizzes.
Join for Free
OR
Log In

You Might Also Like...

Show Comments

Extras

Top Quizzes Today


Score Distribution

Your Account Isn't Verified!

In order to create a playlist on Sporcle, you need to verify the email address you used during registration. Go to your Sporcle Settings to finish the process.

Report this User

Report this user for behavior that violates our Community Guidelines.

Details: